000 00659nam a22002417a 4500
003 OSt
005 20140310182224.0
008 130910t xxu||||| |||| 00| 0 eng d
020 _a0553158996
020 _a076783002999
050 _aPZ 7
_b.Su968s49 1991
082 _aFIC
_bSu9sv #49
100 _aSuzanne, Jamie;
_94455
245 _aThe twins' little sister /
_cwritten by Jamie Suzanne ; created by Francine Pascal.
260 _aNew York :
_bBantam Books,
_cc1991.
300 _a135 p. ;
_c20 cm.
650 _aFiction
_9746
700 _aPascal, Francine
_93767
942 _2lcc
_cBK-FIC
999 _c10760
_d10760